| 000 | 00820 a2200229 4500 | ||
|---|---|---|---|
| 003 | Nust | ||
| 005 | 20230306132155.0 | ||
| 010 | _a 73158048 | ||
| 020 | _a0195670655 | ||
| 040 | _cNust | ||
| 082 | 0 | 0 | _a340.1,PAT |
| 100 | 1 |
_aPaton, G. W. _9109883 |
|
| 245 | 1 | 2 | _aA Textbook of Jurisprudence / |
| 250 |
_a4th ed., _bedited by G. W. Paton and David P. Derham. |
||
| 260 |
_aOxford, _bClarendon Press, _c1972. |
||
| 300 |
_axvii, 659 p. _c23 cm. |
||
| 505 | _aIntroduction (Page-1), The Purpose of Law (Page-99), Source of Law (Page-188), The Techniques of The Law (Page-270), Public Law (Page-326), Private Law (Page-391). | ||
| 650 | 0 | _aJurisprudence. | |
| 700 | 1 |
_aDerham, David P., _988805 |
|
| 856 | 4 | 2 |
_3Publisher description _uhttp://www.loc.gov/catdir/enhancements/fy0636/73158048-d.html |
| 942 |
_2ddc _cBK |
||
| 999 |
_c178371 _d178371 |
||